Enfoque cristiano de la ciencia / (Record no. 127515)

MARC details
000 -LEADER
campo de control de longitud fija 00583nam a2200169 4500
001 - NÚMERO DE CONTROL
campo de control 127515
003 - IDENTIFICADOR DE NÚMERO DE CONTROL
campo de control ES-MaACL
007 - CAMPO FIJO DE DESCRIPCIÓN FÍSICA--INFORMACIÓN GENERAL
campo de control de longitud fija t|
008 - DATOS DE LONGITUD FIJA--INFORMACIÓN GENERAL
campo de control de longitud fija 070214s1973 sp r ||||1| spa d
100 1# - ENTRADA PRINCIPAL--NOMBRE DE PERSONA
Nombre de persona Riessen, Hendrik van.
9 (RLIN) 97162
245 10 - MENCIÓN DEL TÍTULO
Título Enfoque cristiano de la ciencia /
Mención de responsabilidad, etc. Hendrik van Riessen.
260 ## - PUBLICACIÓN, DISTRIBUCIÓN, ETC.
Lugar de publicación, distribución, etc. Barcelona :
Nombre del editor, distribuidor, etc. Asociación Cultural de Estudios de la Literatura Reformada,
Fecha de publicación, distribución, etc. 1973.
300 ## - DESCRIPCIÓN FÍSICA
Extensión 70 p. ;
Dimensiones 19 cm.
710 2# - ENTRADA AGREGADA--NOMBRE DE ENTIDAD CORPORATIVA
Nombre de entidad corporativa o nombre de jurisdicción como elemento de entrada Asociación Cultural de Estudios de la Literatura Reformada (Barcelona)
9 (RLIN) 1535
852 ## - LOCALIZACIÓN
Ubicación ES-MaACL
Número de control de estantería E-4883
Sublocalización o colección R.87185
Holdings
Estatus retirado Estado de pérdida Estado de daño No para préstamo Biblioteca de origen Biblioteca actual Ubicación en estantería Fecha de adquisición Fuente de adquisición Total de préstamos Signatura topográfica completa Código de barras Visto por última vez Precio de reemplazo Tipo de ítem Koha
        Biblioteca del Ateneo de Madrid Biblioteca del Ateneo de Madrid Depósito 2 17/01/2008     E-4883 1132814 23/02/2023 23/02/2023 Libro impreso